000 00477nmm a2200169Ia 4500
008 251105s9999||||xx |||||||||||||||||und||
020 _a9788416375257
041 _aspa
100 _aAfanásiev, Aleksandr
245 0 _aCuentos populares rusos
264 _a[Madrid, España] :
_bEditorial Minimal,
_c2015
300 _a158 páginas
490 _aGrandes clásicos
650 _aOther narratives
856 _uhttps://public.digitaliapublishing.com/a/40343
942 _cCF
999 _c77635
_d77635